Vowel-less Countries Quiz Stats

 Plays Quiz Updated Sep 1, 2018

Score 0/20 Timer 03:00
0 Plays Today
Hint Country % Correct
CNDCanada
96.6%
HTHaiti
94.1%
VTNMVietnam
92.7%
FJFiji
87.7%
SPNSpain
86.9%
QTRQatar
86.6%
LTVLatvia
83.8%
RQIraq
78.4%
BNNBenin
76.8%
CBCuba
71.2%
Hint Country % Correct
CLNDIceland
66.3%
MNOman
63%
CRTCroatia
62.4%
MRTSMauritius
61.3%
LGRAlgeria
59.9%
NDIndia
59.6%
SRLIsrael
54.5%
GNDUganda
50.4%
STNEstonia
40.8%
NDNSIndonesia
40.4%

You're not logged in!

Compare scores with friends on all Sporcle quizzes.
OR
Log In

Sporcle TV

Today on Sporcle TV


Watch our educational content, quiz creation guides, and fun videos on Sporcle TV.

Show Comments

Extras

Top Quizzes Today


Score Distribution

Your Account Isn't Verified!

In order to create a playlist on Sporcle, you need to verify the email address you used during registration. Go to your Sporcle Settings to finish the process.

Report this User

Report this user for behavior that violates our Community Guidelines.

Details: